Evolution of jute policies and a jute policy model for Bangladesh / (Record no. 936)

MARC details
000 -LEADER
fixed length control field 00777cam a2200217 a 4500
001 - CONTROL NUMBER
control field BD-DhSAU 936
003 - CONTROL NUMBER IDENTIFIER
control field BD-DhSAU
005 - DATE AND TIME OF LATEST TRANSACTION
control field 20150108003133.0
008 - FIXED-LENGTH DATA ELEMENTS--GENERAL INFORMATION
fixed length control field 850823s1984 bg a b f000 0deng
040 ## - CATALOGING SOURCE
Original cataloging agency BD-DhSAU
082 00 - DEWEY DECIMAL CLASSIFICATION NUMBER
Classification number 677.13
Edition number 22
Item number RAE
100 1# - MAIN ENTRY--PERSONAL NAME
Personal name Rahman, Sultan Hafeez.
245 10 - TITLE STATEMENT
Title Evolution of jute policies and a jute policy model for Bangladesh /
Statement of responsibility, etc. Sultan Hafeez Rahman.
260 ## - PUBLICATION, DISTRIBUTION, ETC. (IMPRINT)
Place of publication, distribution, etc. Dhaka, Bangladesh :
Name of publisher, distributor, etc. Bangladesh Institute of Development Studies ;
Date of publication, distribution, etc. c1984.
300 ## - PHYSICAL DESCRIPTION
Extent vi, 128 p. :
Other physical details ill. ;
Dimensions 23 cm.
440 ## - SERIES STATEMENT/ADDED ENTRY--TITLE
Title Research monograph ;
Number of part/section of a work no. 3
504 ## - BIBLIOGRAPHY, ETC. NOTE
Bibliography, etc Includes Bibliography.
590 ## - Name of Cataloguer
Name of Cataloger Jerin
650 #0 - SUBJECT ADDED ENTRY--TOPICAL TERM
Topical term or geographic name as entry element Jute industry
General subdivision Government policy
Geographic subdivision Bangladesh.
830 #0 - SERIES ADDED ENTRY--UNIFORM TITLE
Uniform title Research monograph (Bangladesh Institute of Development Studies) ;
Volume number/sequential designation no. 3.
942 ## - ADDED ENTRY ELEMENTS (KOHA)
Source of classification or shelving scheme Dewey Decimal Classification
Koha item type Book
Holdings
Withdrawn status Lost status Source of classification or shelving scheme Damaged status Not for loan Home library Branch Name Shelving location Date acquired Total Checkouts Full call number Barcode Date last seen Price effective from Koha item type
    Dewey Decimal Classification     SAU Library SAU Library General Stacks 01/02/2009   677.13 RAE 34536 08/01/2015 08/01/2015 Book